La inteligencia contra sí misma: el niño que no aprende
Wedi'i Gadw mewn:
| Prif Awdur: | |
|---|---|
| Fformat: | Llyfr |
| Iaith: | Sbaeneg |
| Cyhoeddwyd: |
Madrid
Biblioteca Nueva
1998
|
| Cyfres: | Colección Psicoanálisis y Sociedad, 5
|
| Pynciau: | |
| Tagiau: |
Ychwanegu Tag
Dim Tagiau, Byddwch y cyntaf i dagio'r cofnod hwn!
|
MARC
| LEADER | 00000nam a2200000 a 4500 | ||
|---|---|---|---|
| 001 | UCL9520 | ||
| 003 | CL-VaPUC | ||
| 008 | 040813e19980000SP |||||||||||||||||spa|d | ||
| 020 | |a 8470305581 | ||
| 082 | 0 | 4 | |a 155.413 |b LUZ |2 21 |
| 100 | |a Luzuriaga, Isabel |e autora |9 487390 | ||
| 245 | 1 | 3 | |a La inteligencia contra sí misma: el niño que no aprende |
| 300 | |a 126 p | ||
| 942 | |c BK | ||
| 945 | |d 20040813 00:00:00 |a cmena | ||
| 260 | |a Madrid |b Biblioteca Nueva |c 1998 | ||
| 650 | 0 | |a Psicología del niño |9 307305 | |
| 650 | 0 | |a Procesos mentales superiores |9 330839 | |
| 650 | 0 | |a Cognición |9 270347 | |
| 650 | 0 | |a Desarrollo cognitivo |9 311398 | |
| 650 | 0 | |a Trastornos del comportamiento |9 311363 | |
| 583 | |a last modification |c 20130107 12:19:34 |k Rodrigo Vera | ||
| 490 | 0 | |a Colección Psicoanálisis y Sociedad, 5 | |
| 999 | |c 310286 |d 310284 | ||
| 952 | |0 0 |1 0 |4 0 |6 155_413000000000000_LUZ_1998 |7 0 |8 A |9 378579 |a BIBEDU |b BIBEDU |d 2019-11-21 |i 4048296 |o 155.413 LUZ 1998 |p 4048296 |r 2019-11-21 |w 2019-11-21 |y BK |k PSI | ||